Mastering data mining : The art and science customer relationship management

The book offers a case study-based guide to best practices in commercial data mining. After providing the fundamental principles of data mining and customer relationship management, the authors of this book share the lessons they have learned trough a series of warts-and-all case studies drawn from...

Cur síos iomlán

Đã lưu trong:
Sonraí Bibleagrafaíochta
Príomhúdar: Berry, Michael J. A.
Formáid: Leabhar
Teanga:Undetermined
Foilsithe: New York John Wiley & Sons 2000
Ábhair:
Clibeanna: Cuir Clib Leis
Gan Chlibeanna, Bí ar an gcéad duine leis an taifead seo a chlibeáil!
Thư viện lưu trữ: Trung tâm Học liệu Trường Đại học Cần Thơ
LEADER 01052nam a2200217Ia 4500
001 CTU_42269
008 210402s9999 xx 000 0 und d
020 |c 674000 
082 |a 658.05 
082 |b B534 
100 |a Berry, Michael J. A. 
245 0 |a Mastering data mining : 
245 4 |b The art and science customer relationship management 
245 0 |c Michael J. A. Berry, Gordon S. Linoff 
260 |a New York 
260 |b John Wiley & Sons 
260 |c 2000 
520 |a The book offers a case study-based guide to best practices in commercial data mining. After providing the fundamental principles of data mining and customer relationship management, the authors of this book share the lessons they have learned trough a series of warts-and-all case studies drawn from their experience in a variety of industries, including e-commerce, banking, cataloging, retailling, and telecommunications. 
650 |a Customer relations,Customer services 
904 |i Minh, Hải 
980 |a Trung tâm Học liệu Trường Đại học Cần Thơ